000 01643cam0 2200373 ib4500
001 BY-MI0021-br790766
005 20260119112913.0
010 ^a978-5-353-03767-5
^bв переплете
100 ^a20260114d2008 bc y0rusy50 ca
101 0 ^arus
102 ^aRU
105 ^aa z 000zy
109 ^ama
200 1 ^a365 сказок на ночь
^eсказки, рассказы, стихотворения
^e[для дошкольного и младшего школьного возраста
^fхудожники: А. Арматынская и др.]
210 ^aМосква
^cРОСМЭН
^d2008
215 ^a368 с.
^cцв. ил.
^d29 см
345 ^950 000 экз.
532 1 1 ^aТриста шетьдесят пять сказок на ночь
606 ^aХУДОЖЕСТВЕННАЯ ЛИТЕРАТУРА
^3BY-NLB-ar37179
^2DVNLB
608 ^aДЕТСКАЯ И ЮНОШЕСКАЯ ЛИТЕРАТУРА (художеств. произведение)
^3BY-NLB-ar9019
^2BYGNR
608 ^aСКАЗКА
^3BY-NLB-ar30342
^2BYGNR
608 ^aЛИТЕРАТУРНАЯ СКАЗКА
^3BY-NLB-ar16440
^2BYGNR
608 ^aНАРОДНАЯ СКАЗКА
^3BY-NLB-ar19672
^2BYGNR
608 ^aРАССКАЗ
^3BY-NLB-ar27475
^2BYGNR
608 ^aСТИХОТВОРЕНИЕ
^3BY-NLB-ar32087
^2BYGNR
686 ^a84(0)
^2rubbk
690 ^a1
^2Base
^9BY-MI0021
^xRSEK
702 1 ^aАрматынская
^bА.
^3BY-SEK-616876
^4440
801 0 ^aBY
^bBY-MI0021
^c20260114
^gRCR
035 ^a(BY-MI0021)BY-MI0021-br790766
899 0 ^aBY-MI0021
^iТ68
^h84(0)